MARC

LEADER 00000nam0a2200000 4500
001 313395
005 20231102002558.0
010 |a 5268013602 
035 |a (RuTPU)RU\TPU\book\338779 
090 |a 313395 
100 |a 20160123d1990 m y0rusy50 ca 
101 0 |a rus 
102 |a RU 
105 |a y z 000zd 
200 1 |a Эмигранты  |f Г. В. Васильев, Г. Б. Башктрова 
210 |a Москва  |c Советская Россия  |d 1990 
215 |a 128 с. 
600 1 |a Леонтьев  |g Василий Васильевич  |b В. В.  |c американский экономист российского происхождения  |c нобелевский лауреат  |f 1906-1999  |2 stltpush  |3 (RuTPU)RU\TPU\pers\1123 
600 1 |a Шемякин  |b М. М.  |c русский художник  |f 1943-  |g Михаил Михайлович  |2 stltpush  |3 (RuTPU)RU\TPU\pers\13121  |9 3805 
606 1 |a Русская литература современная  |2 stltpush  |3 (RuTPU)RU\TPU\subj\26373  |9 50316 
606 1 |a Литература русского зарубежья  |2 stltpush  |3 (RuTPU)RU\TPU\subj\80423  |9 88119 
610 1 |a документальная проза 
610 1 |a очерки 
610 1 |a воспоминания 
610 1 |a русская литература 
610 1 |a 20 век 
610 1 |a эмигранты 
610 1 |a эмиграция 
610 1 |a русские эмигранты 
610 1 |a Америка 
610 1 |a США 
610 1 |a Нью-Йорк 
675 |a Р1  |v 4 
675 |a Р2  |v 4 
700 1 |a Васильев  |b Г. В.  |g Геннадий Владимирович  |4 070 
701 1 |a Башктрова  |b Г. Б.  |g Галина Борисовна  |4 070 
801 1 |a RU  |b 63413507  |c 20160123 
801 2 |a RU  |b 63413507  |c 20201222  |g RCR 
942 |c BK